00909nam a22002531a 450000100060000000300080000600500170001400800410003103500190007203500190009104000470011004100080015708200220016510000310018724500590021825000120027726000530028930000210034250400640036365100510042794200120047899900170049095201480050736224BD-RjUL20211209052444.0140618r19631961nyu b 001 0 eng d a(BD-RjUL)36321 a(OCoLC)5767503 aDLCcOCldOCoLCdMoSU-LdDLCdBD-RjULbeng aeng00a320.947bSCR 19631 aScott, Derek J. R.911024810aRussian political institutions /cby Derek J.R. Scott. a2nd ed. aNew York :bF.A. Praeger,c1961 [Reprinted 1963] a26 5p. ;c20 cm. aIncludes bibliographical references (p. 257-260) and index. 0aSoviet UnionxPolitics and government.9110251 2ddccBK c36224d36224 00102ddc40708NFICaRUCLbRUCLcStackd1965-03-16eJonathan Were & Co.g13.75l0o320.947 SCR 1963r2014-06-18 00:00:00tC-2w2014-06-18yBK